000 00340nam a2200133 4500
005 20260530113845.0
100 1 _aEmily Campbell
_930633
245 1 0 _aEcho / City an urban registrer
264 1 _bBritish Coucil
_c2006
300 _a36 páginas
336 _atexto
_2rdacontent
337 _asin medio
_2rdamedia
338 _avolumen
_2rdacarrier
999 _c11257
_d11257